Fr. Conceicao Rodrigues College of Engineering

Topics in Mathematical Physics (Record no. 22963)

MARC details
000 -LEADER
fixed length control field 00392nam a2200169Ia 4500
082 ## - DEWEY DECIMAL CLASSIFICATION NUMBER
Classification number 530.15/PAR
Item number PAR
100 ## - MAIN ENTRY--PERSONAL NAME
Personal name Parthasarathy/Harish
245 ## - TITLE STATEMENT
Title Topics in Mathematical Physics
260 ## - PUBLICATION, DISTRIBUTION, ETC.
Name of publisher, distributor, etc. Ane Books India
Place of publication, distribution, etc. Mumbai
Date of publication, distribution, etc. 2007
366 ## - TRADE AVAILABILITY INFORMATION
Publishers's discount category 20
300 ## - PHYSICAL DESCRIPTION
Extent 756
546 ## - LANGUAGE NOTE
Language note ENGLISH
650 ## - SUBJECT ADDED ENTRY--TOPICAL TERM
Topical term or geographic name entry element Mathematical Physics
654 ## - SUBJECT ADDED ENTRY--FACETED TOPICAL TERMS
Focus term mathematical physics
942 ## - ADDED ENTRY ELEMENTS (KOHA)
Koha item type BOOK
Holdings
Withdrawn status Lost status Damaged status Not for loan Collection Home library Current library Date acquired Source of acquisition Cost, normal purchase price Inventory number Total Checkouts Full call number Barcode Date last seen Cost, replacement price Price effective from Koha item type
        CRC Fr. Agnel's C.Rodrigues College of Engineering Fr. Agnel's C.Rodrigues College of Engineering 17/03/2023 Ane Books India 796.00 354   530.15/PAR PAR 18655 17/03/2023 995.00   BOOK